Statystyki dla Tablice rejestracyjne w województwie śląskim

Kliknij tutaj aby rozwiązać quiz!

Ogólne statystyki

  • Ten quiz został rozwiązany 32 razy
  • Średni wynik to 25 z 36

Statystyki odpowiedzi

Co oznaczaTablica% Poprawnych
Bielsko-BiałaSB
100%
KatowiceSK
100%
ZabrzeSZ
100%
CzęstochowaSC
95%
GliwiceSG
95%
Ruda ŚląskaSL | kiedyś SRS
95%
RybnikSR
95%
Siemianowice ŚląskieSI
91%
JaworznoSJ
91%
ŚwiętochłowiceSW
91%
BytomSY
91%
Dąbrowa GórniczaSD
86%
MysłowiceSM
86%
TychyST
86%
ChorzówSH
82%
SosnowiecSO
82%
powiat bielskiSBI
68%
powiat częstochowskiSCZ
68%
powiat gliwickiSGL
64%
powiat cieszyńskiSCI
59%
powiat lublinieckiSLU
59%
ŻorySZO
59%
powiat myszkowskiSMY
55%
powiat tarnogórskiSTA
55%
powiat wodzisławskiSWD | SWZ
55%
powiat zawierciańskiSZA
55%
powiat żywieckiSZY
55%
powiat będzińskiSBE
50%
powiat bieruńsko-lędzińskiSBL
50%
powiat kłobuckiSKL
50%
powiat mikołowskiSMI
50%
Piekary ŚląskieSPI
45%
Jastrzębie-ZdrójSJZ
41%
powiat rybnickiSRB
41%
powiat raciborskiSRC
41%
powiat pszczyńskiSPS
36%

Rozkład punktacji

Percentyl według liczby udzielonych odpowiedzi

Procent ludzi z każdym wynikiem

Twoja historia wyników

Nie rozwiązałeś tego quizu